012150000a22003370004500003001100000008004100011040003900052041000800091100001900099245003900118260008200157300001000239650002700249650001600276650002100292650001400313650001200327650002700339650001100366650003300377650003000410650014400440650001500584650001900599650002200618650011600640650002000756942000700776952007900783999001500862LK-CoMWRAF230817t ||||| |||| 00| 0 eng d aLK-CoMWRAFdLK-CoMWRAFeLK-CoMWRAF aeng aRahman, Z.A.H. aTsunami Disaster in Maruthamunaib bESMO (Eastern Social Mobilizing Organization)aMaruthamunai (Sri Lanka)c2005 ap.275 aAffected Public Places aAgriculture aDwelling Placed  aEducation aFishing aGovernment Employments aHealth aHouses and Properties damage aInfrastructure facilities aMaps - Map of Maruthamunai, Sketch showing regions affected by the disaster, Sketch of area commended for proposed construction of New Town aPopulation aSchool Student aSmall Enterprises aTables - Detail of Population in Maruthamunai, Death/ Injured in Maruthamunai, Houses damageed, Welfare Centres aWaving Industry cBK 00104070aMAINbMAINd2023-08-17l0pRAF4443r2023-08-17w2023-08-17yBK c2288d2288